| 000 | 00646nam a2200181Ia 4500 | ||
|---|---|---|---|
| 008 | 220216s9999 xx 000 0 und d | ||
| 100 | _aSaleena A | ||
| 245 | 0 | _aIsolation and characterization of ribulose 1, 5-bisphosphate carboxylase small subunit gene from Hevea brasiliensis | |
| 260 |
_bPLACROSYM XVIII. 10-13 December 2008, National Research Centre for Cashew, Puttur, Karnataka. Journal of Plantation Crops, 36 (3): 223-227. _c2008 |
||
| 650 | _aPromoter | ||
| 650 | _aRuBisCO2 | ||
| 650 | _aSignal peptide | ||
| 700 | _aRanjith K P | ||
| 700 | _aSoumyarani V S | ||
| 700 | _aSupriya R | ||
| 700 | _aThulaseedharan A | ||
| 942 | _cBS | ||
| 999 |
_c48877 _d48877 |
||